Nombres para bebés femeninos por década (España) - Estadísticas

Estadísticas generales
  • Esta prueba ha sido intentada 5.736 veces
    4.137 desde el último reinicio
  • La puntuación promedio es 34 de 67
Estadísticas de respuestas
Década Nombre Compuesto con... % Correcto
Ve a María Mar Como segundo nombre con María
99%
1930, 1940, 1950, 1960, 1970, 1980, 1990, 2000, 2010, 2020 María Carmen (1930-80), Pilar (1930-70), Teresa (1930-70), Luisa (1930-60), Dolores (1940-70), Ángeles (1940-70), Isabel (1950-70), Jesús (1950-60), José (1960-80), Mar (1960-70)
98%
1990, 2000, 2010, 2020 Lucía
88%
1930, 1980, 1990, 2000, 2010 Ana
86%
1930, 1940, 1950, 1960, 2000, 2010, 2020 Carmen
83%
1970, 1980, 1990, 2000, 2010 Marta
81%
1990, 2000, 2010, 2020 Paula
81%
1970, 1980, 1990, 2000, 2010 Laura
78%
2000, 2010, 2020 Sofía
73%
Ve a María José Como segundo nombre con María
72%
2000, 2010, 2020 Carla
70%
1930, 1940, 1950, 1960 Isabel
70%
1980, 1990, 2000, 2010, 2020 Sara
70%
1980, 1990, 2000 Elena
67%
1930, 1940, 1950, 1960 Dolores
66%
1970, 1980, 1990, 2000 Cristina
62%
1930 Rosa María (1950-60)
62%
2000, 2010, 2020 Julia
61%
1990, 2000, 2010, 2020 Alba
59%
2010, 2020 Martina
58%
2000, 2010 Claudia
57%
1990, 2000 Andrea
56%
2010, 2020 Daniela
55%
1930, 1940 Pilar
55%
1930 Teresa
55%
1930, 1940, 1950, 1960 Antonia
53%
1990, 2000, 2010 Irene
53%
1930, 1940 Juana
51%
Ve a María Luisa Como segundo nombre con María
50%
1930, 1940, 1950, 1960 Francisca
49%
1990, 2000 Marina
49%
1930, 1940, 1950, 1960 Josefa
48%
1970 Eva María (1970)
47%
1970, 1980, 1990 Raquel
47%
1980, 1990 Rocío
47%
1980, 1990 Patricia
46%
1980, 1990 Sandra
46%
1980, 1990 Beatriz
45%
2000 Natalia
43%
1970, 1980 Silvia
43%
1970 Mónica
42%
2010, 2020 Valeria
41%
1930, 1940, 1950 Mercedes
40%
1970, 1980 Sonia
40%
2010 Adriana
39%
1930, 1940, 1950 Manuela
39%
Ve a María Ángeles Como segundo nombre con María
38%
1930, 1940, 1950 Concepción
38%
2010, 2020 Emma
37%
1990 Miriam
35%
2000 Nerea
35%
2020 Olivia
35%
1980 Lorena
34%
2020 Lara
33%
Ve a María Jesús Como segundo nombre con María
32%
2010, 2020 Noa
32%
1990 Noelia
32%
1930, 1940 Rosario
32%
2020 Valentina
32%
1970 Susana
31%
1980 Verónica
31%
2020 Mía
26%
1980 Vanesa
26%
1970 Yolanda
25%
2020 Alma
24%
2020 Vega
22%
1960 Montserrat
18%
No se encontraron pruebas coincidentes
Distribución de puntuación
Porcentaje de gente con cada puntuación
Porcentaje por número respondido
Historial de tus puntuaciones
No has intentado esta prueba desde el último reinicio